00483nam a22001457a 4500003000400000082001800004100001300022245008900035260004900124300000800173650001700181942001200198952011000210999001700320SGT a617.643bI24P aPratibha aInfluence of soft tissue changes on the facila attractiveness in north Indian woman  aSGT University bDept. of Orthodonticsc2024 a127 aOrthodontics 2ddccTH 00102ddc4071aFDbFDcREFd2024-10-04iSGTUo617.643 I24PpDT2095r2024-10-04 00:00:00w2024-10-04yTH c27117d27117